| 000 | 00509cam a2200169ua 4500 | ||
|---|---|---|---|
| 003 | OSt | ||
| 008 | 240203b |||||||| |||| 00| 0 eng d | ||
| 020 | _a81-85167-32-X | ||
| 041 | _aeng | ||
| 082 |
_a621.47 _bMAT/RE |
||
| 245 | 0 | 0 | _aRenewable Energy and Environment : Proceeding of the National Solar Energy Convention- 1989,Udaipur- Rajastan / |
| 260 |
_aNew Delhi : _bHimanshu Publications , _c1990. |
||
| 300 | _a522 ; . | ||
| 700 | 1 | _aMathur A. N. . | |
| 700 | 1 |
_aRathode N. S . _91558 |
|
| 942 | _cBK | ||
| 999 |
_c9864 _d9864 |
||